LEADER 00873nam0-22003131i-450- 001 990003351950403321 005 20130516100818.0 010 $a0-631-17652-7 035 $a000335195 035 $aFED01000335195 035 $a(Aleph)000335195FED01 035 $a000335195 100 $a20030910d1992----km-y0itay50------ba 101 0 $aeng 102 $aGB 105 $ay-------001yy 200 1 $a<>encyclopedic dictionary of language and languages$fDavid Crystal 210 $aOxford$cBlackwell$d1992 215 $a428 p.$cill.$d24 cm 610 0 $aEnciclopedie 676 $a410.3 700 1$aCrystal,$bDavid$f<1941- >$07988 801 0$aIT$bUNINA$gRICA$2UNIMARC 901 $aBK 912 $a990003351950403321 952 $a410.3 CRY$b365$fDECLI 959 $aDECLI 996 $aEncyclopedic dictionary of language and languages$9174928 997 $aUNINA LEADER 01054nam a2200253 i 4500 001 991003338479707536 005 20230322091351.0 008 170302s1977 it 000 0 ita d 035 $ab14318842-39ule_inst 040 $aDip.to di Storia, Società e Studi sull'Uomo$bita 082 0 $a373.4 100 1 $aZiglio, Corrado$0170156 245 10$aSistemi politici e strutture scolastiche :$bla scuola secondaria superiore in Europa tra socialismo e capitalismo /$cCorrado Ziglio 264 4$aMilano :$bEmme,$cc1977 300 $a207, [6] p. :$bprosp. ;$c20 cm 490 1 $aPuntoemme (Il) ;$v65 650 4$aScuole medie superiori$zEuropa 830 3$aIl puntoemme ;$v65 907 $a.b14318842$b11-09-17$c02-03-17 912 $a991003338479707536 945 $aLE023$g1$i2023000149171$lle023$nDATRI/REV/2017$nFondo Angelo Semeraro DR n. 414 del 6/6/2016$og$pE12.00$q-$rn$so$t0$u0$v0$w0$x0$y.i15799876$z02-03-17 996 $aSistemi politici e strutture scolastiche$91360247 997 $aUNISALENTO 998 $ale023$b02-03-17$cm$da$en$fita$git$h0$i0